000 01115nam a2200241 a 4500
001 39664
003 BD-RjUL
005 20211209053033.0
008 160416r20071994ii a||| |||| 00| 0 ben d
020 _a817215254x
_c: TK. 275.00
035 _a(BD-RjUL)39777
040 _aBD-RjUL
_bben
_cBD-RjUL
041 _aben
082 _223
_a598.095414
_bSAP 2007
100 _aসান্যাল, প্রণবেশ
_9122170
245 1 0 _aপশ্চিম বাংলার পাথি /
_cপ্রণবেশ সান্যাল, বিশ্বজিৎ রায়চৌধুরী
260 _aকলকাতা :
_bআনন্দ পাবলিশার্স প্রাইভেট লিমিটেড,
_c১৯৯৪ [ মুদ্রণ ২০০৭ ]
300 _a১০২, [৬০] পৃ. প্লেট :
_bচিত্র ;
_c২১ সেমি.
650 _aপাথি
_zপশ্চিম বাংলা
_zভারত
_9122171
650 _aBirds
_zWest Bengal
_zIndia
_9122173
700 _aরায়চৌধুরী, বিশ্বজিৎ
_9122175
942 _2ddc
_cBK
999 _c39664
_d39664